|
|
|
|
| LEADER |
00000nam0a2200000 4500 |
| 001 |
147524 |
| 005 |
20231031145059.0 |
| 010 |
|
|
|a 5990074654
|
| 035 |
|
|
|a (RuTPU)RU\TPU\book\159911
|
| 090 |
|
|
|a 147524
|
| 100 |
|
|
|a 20081117d2007 k y0rusy50 ca
|
| 101 |
0 |
|
|a rus
|
| 102 |
|
|
|a RU
|
| 105 |
|
|
|a y l 000zy
|
| 200 |
1 |
|
|a Эксплуатация электроустановок. Все инструкции по охране труда
|
| 210 |
|
|
|a Москва
|c Бюро печати
|d 2007
|
| 215 |
|
|
|a 160 с.
|
| 330 |
|
|
|a В данном издании содержатся Типовые инструкции по охране труда при эксплуатации электроустановок, утвержденные Министерством труда и социального развития Российской Федерации и Министерством энергетики Российской Федерации, которые включают в себя инструкции для различных специальностей различных подразделений.
|
| 610 |
1 |
|
|a электроустановки
|
| 610 |
1 |
|
|a эксплуатация
|
| 610 |
1 |
|
|a охрана труда
|
| 610 |
1 |
|
|a безопасность
|
| 610 |
1 |
|
|a типовые инструкции
|
| 675 |
|
|
|a 621.31.004:658.382(083.133)
|v 3
|
| 801 |
|
1 |
|a RU
|b 63413507
|c 20081117
|g PSBO
|
| 801 |
|
2 |
|a RU
|b 63413507
|c 20081120
|g PSBO
|
| 942 |
|
|
|c BK
|